000 01104nam a2200253Ia 4500
999 _c53510
_d53510
001 20556
003 GE_BSU
005 20200129165850.0
008 181216s2010||||ge |||||||||||||| ||geo||
020 _a9994009281
040 _cGE_BSU
041 _ageo
080 _a616-31(075.8) კ-80
100 _aკოჭლამაზაშვილი, ბ.
_96502
245 _aსტომატოლოგიური პათოლოგია :
_bსახელმძღვ. /
_cბ. კოჭლამაზაშვილი, გ. ბურკაძე ; რედ. ზაზა ავალიანი.
250 _aმე-2 შევსებული და შესწორებული გამოცემა.
264 _aთბ.,
_c2010.
300 _a89 გვ. :
_bსურ., ცხრ. ;
_c28 სმ.
653 _aმედიცინა
653 _aსტომატოლოგია
700 _a ბურკაძე, გ.
_eავტორი
_96503
700 _a ავალიანი, ზაზა
_eრედაქტორი
_96504
942 _cBK
_2udc